000 00345nam a2200133Ia 4500
008 240624s9999 xx 000 0 und d
041 _aeng
082 _a823 LOW
100 _aLOWNDES LEIL
245 _aHOW TO MAKE ANYONE FALL IN LOVE WITH YOU
260 _c2002
_aNew Delhi
_bHarperCollins
300 _a300 : p. : cm. ; 20
365 _cRS
_b25
999 _c18567
_d18567